000 00583nam a2200133 a 4500
008 121219s2011 ||||||||||||||||| || u
050 _aZANACO(058)
110 _aZambia National Commercial Bank plc
245 1 0 _aZanaco 2011 annual report
_cby Zambia National Commercial Bank Plc [ZANACO]
260 _aLusaka:
_bZambia National Commercial Bank
_c2011
300 _a[i], 79p.: ill.
650 _aZAMBIA NATIONAL COMMERCIAL BANK PLC--ANNUAL REPORT
995 _FCBU-MAIN LIBRARY (Kitwe)
_M1
_UAVAILABLE
_WDec 27, 2012
_ZZambiana Collection
999 _c62445
_d62445